Normal view
MARC view
Entry Personal Name
001 - CONTROL NUMBER
- control field: 31542
003 - CONTROL NUMBER IDENTIFIER
- control field: OSt
005 - DATE AND TIME OF LATEST TRANSACTION
- control field: 20220607103807.0
008 - FIXED-LENGTH DATA ELEMENTS
- fixed length control field: 220607|| aca||aabn | a|a d
040 ## - CATALOGING SOURCE
- Original cataloging agency: OSt
- Transcribing agency: OSt
100 ## - HEADING--PERSONAL NAME
- Personal name: Gulati, Vikram
670 ## - SOURCE DATA FOUND
- Source citation: Work cat.: (OSt): Gulati, Vikram, Efficacy of indigenised design development & production by DRDO/DPSUs towards defence modernisation, 2022
